Statistics for Famous People from Europe by Picture

Click here to take the quiz!

General Stats

  • This quiz has been taken 41 times
  • The average score is 9 of 16

Answer Stats

Answer% Correct
David Beckham
94%
Ludwig van Beethoven
94%
Christopher Columbus
92%
Luciano Pavarotti
89%
Audrey Hepburn
78%
Novak Djokovic
75%
Oscar Wilde
69%
Karl Lagerfeld
56%
Jose Mourinho
50%
Franz Kafka
42%
Pau Gasol
39%
Mads Mikkelsen
31%
Niccolò Machiavelli
31%
Alexander Ovechkin
22%
Sergio Leone
17%
Caravaggio
14%

Score Distribution

Percentile by Number Answered

Percent of People with Each Score

Your Score History

You have not taken this quiz